Les 26 plus Grands Empires ayant Jamais Existé (version facile) - Statistiques

Statistiques générales
  • Ce quiz a été pris 235 fois
  • Le résultat moyen est 13 sur 26
Statistiques - réponses
Superficie et date de son apogée Empire % Correct
5 000 000 km² en 117 Empire romain
86%
35 500 000 km2 en 1920 Empire britannique
83%
22 800 000 km2 en 1895 Empire russe
78%
33 200 000 km2 en 1279 Empire mongol
73%
13 700 000 km2 en 1810 Empire espagnol
72%
10 000 000 km2 au XVIIIème siècle Premier empire colonial français
72%
13 500 000 km2 en 1939 Second empire colonial français
72%
14 700 000 km2 en 1790 Dynastie Qing
69%
8 510 000 km2 en 1942 Empire du Japon
67%
6 500 000 km2 en 1450 Dynastie Ming
66%
11 000 000 km2 en 1310 Dynastie Yuan
65%
9 000 000 km2 en -176 Empire Xiongnu
64%
5 400 000 km2 en 715 Dynastie Tang
63%
5 200 000 km2 en 1683 Empire ottoman
63%
6 000 000 km2 en -50 Dynastie Han occidentale
60%
6 500 000 km2 en 100 Dynastie Han Orientale
60%
7 100 000 km2 en 1640 Union ibérique
58%
10 400 000 km2 en 1820 Second empire portugais
54%
5 200 000 km2 en -323 Empire macédonien
50%
8 337 000 km2 en 1889 Empire du Brésil
29%
11 100 000 km2 en 750 Califat abbasside
10%
11 000 000 km2 en 720 Califat omeyyade
10%
5 500 000 km2 en -500 Empire achéménide
6%
6 000 000 km2 en 1310 Horde d'or
4%
6 400 000 km2 en 655 Califat des Rachidoune
0%
6 000 000 km2 en 557 Khaganat turc
0%
Aucun quiz correspondant
Distribution des résultats
% des personnes avec chaque résultat
Percentile par nombre de réponses
Votre historique - résultats
Vous n’avez pas pris ce quiz